000 00914nam a22002772i 4500
001 31340
003 BD-RjUL
005 20211209051705.0
008 500101s1954 enk b 000 0 eng d
035 _a(BD-RjUL)31427
040 _aZMM
_cZMM
_dBD-RjUL
_dBD-RjUL
_beng
041 _aeng
082 _a225.86392
_218
_bANC 1954
090 _aBS2545
_b.A5
100 1 _aAnson, Peter F.
_q(Peter Frederick),
_d1889-1975
_995374
245 1 0 _aChrist and the sailor :
_ba study of the maritime incidents in the New Testament /
_cby Peter F. Anson ; with a foreword by Thomas D. Roberts
260 _aLondon :
_bBurns & Oates,
_c1954
300 _axviii , 198 p. ;
_c19 cm
504 _aBibliographical footnotes
650 0 _aSea in the Bible.
_995375
650 0 _aFishing in the Bible.
_995376
650 0 _aApostles
_995377
651 0 _aTiberias, Lake (Israel)
_995378
942 _2ddc
_cBK
999 _c31340
_d31340